MDQL
is popping MORE tags! Check the
thread
!
Quizzes
Events
Quiz Creation
Community
Videos
Private Events
Remove Ads
Sign In
Join for FREE
Feedback
Dark Mode
Quiz Categories
Sports
Geography
Music
Movies
Television
Just For Fun
Miscellaneous
History
Literature
Language
Science
Gaming
Entertainment
Religion
Holiday
For Kids
Quiz Lab
Recent
Popular Today
Quiz Kudos Today
Editor Picks
Curator Picks
Quizzes by...
Day
Popularity
Type
Ratings
Length
Year
Community
Subscriptions
Recent Discussions
Orange Saloon
Badges
Playlists
Quests
Create
Leaderboards
Showdown
Live 5
Trivia Bingo
Activity
Puzzle Library
Sporcle Events
Private Events
Virtual Trivia
Globe League
Become a Host
Pub Owners
SporcleCon
Opinionation
Our Games
Videos
Blog
Mobile Apps
Partnerships
Remove Ads and Go Orange
Feedback
Religion
Mythology
Religious Music
World Religions
Bible
Christianity
Catholicism
Judaism
Church
Scripture
Islam
Verse
Religion
Mythology
Religious Music
World Religions
Bible
Christianity
Catholicism
Judaism
Church
Scripture
Islam
Verse
Random Quiz
Search Sporcle
×
Quiz Lab
Quiz Lab
Religion
NIV
Type in answers that appear in a list
Type in answers that appear in a list
Classic
Best Score? Go Orange.
Matthew 20:26-27 (NIV) Stats
Can you name the Matthew 20:26-27 (NIV)?
By
Taxmanjs
90s
46 Questions
13 Plays
13 Plays
13 Plays
Comments
Comments
Give Quiz Kudos
Give Quiz Kudos
-
- Ratings
hide this ad
Replay
Link that replays current quiz
Next Quiz
Link to next quiz in quiz playlist
You Got
0%
They Got
Avg Score
48%
Avg Friend Score
Upgrade to see
Score Distribution
Jump to the score distribution portion of the page
Score
0/46
Timer
01:30
0
Plays Today
Hint
Answer
% Correct
Matthew 20:27
and
100%
the
100%
and
100%
a
100%
of
76.9%
to
69.2%
to
69.2%
to
69.2%
to
69.2%
to
69.2%
you
53.8%
be
53.8%
be
53.8%
be
53.8%
be
53.8%
for
53.8%
your
46.2%
your
46.2%
as
46.2%
son
46.2%
man
46.2%
did
46.2%
not
46.2%
Hint
Answer
% Correct
his
46.2%
as
46.2%
Matthew 20:26b
Whoever
38.5%
wants
38.5%
must
38.5%
whoever
38.5%
wants
38.5%
first
38.5%
must
38.5%
come
38.5%
but
38.5%
become
30.8%
great
30.8%
among
30.8%
servant
30.8%
slave
30.8%
Matthew 20:28
just
30.8%
served
30.8%
serve
30.8%
give
23.1%
life
23.1%
ransom
23.1%
many
23.1%
Quiz Playlist
Details
Report
Send in Message
Add To Playlist
Classic:
Type in answers that appear in a list
Last Updated: Apr 21, 2019
Quiz Scoreboard
CHALLENGE
Sign Up to Join the Scoreboard
Show All
Scores
Hide
Comments
May contain spoilers
Recently Published
Holiday 10x10 Sorting Gallery
by lukepisani3
Holiday
15m
Two Season TV Shows II
by 123Four
Television
10m
Image Sorting: Flags VI
by Barbecue
Geography
2m
More to Explore
Quiz From the Vault
Featured Blog Post
14 Easter Pick-up Lines to Find Eggs With
hide this ad
You Might Also Like...
Tags
Matthew
NIV
Today's Top Quizzes in Religion
Browse Religion
hide this ad
Today's Top Quizzes in NIV
Browse NIV
Top Contributed Quizzes in Religion
1
Christmas Pick: Judaism
2
Mini Trivia Sudoku: Mythology
3
99 names of Allah
4
Religions Spelling Bee
5
Christmas Pick: Islam
6
Christmas Pick: World Religions
7
Artistic Maundy Thursday
8
5-to-1: Children of Gods
9
Longevity in the Bible
10
5-to-1: European Churches
Explore More
Trending Topics
Disney
Anime
NBA
Marvel
Harry Potter
Crossword
Kpop
WWE
The Office
Song
Puzzle
Country
NFL
Soccer
Pokémon
hide this ad
More By:
Taxmanjs
Quiz
Plays
Rating
Category
Featured
Created
Multiple US Open (Golf) Winners
25,610
4.36
Sports
Apr 2, 2015
Championship MVPs During the 1980s
12,127
4.43
Sports
Jul 25, 2021
Rock Musicians names Bob, Robbie or Robert
1,944
3.63
Music
Mar 26, 2020
Renamed in the Bible
1,305
4.71
Religion
Dec 16, 2019
Active home run & hits leaders going into 2018
1,133
2.75
Sports
Feb 23, 2018
Go to Creator's Profile
Score Distribution
Quiz Creator Spotlight
Taxmanjs
Follow
Send a Message
Quizzes Created
-
Created Quiz Play Count
-
More By This Creator
Popular Quizzes Today
1
Find the US States - No Outlines Minefield
2
Colored Red Africa Blitz
3
Find the 'City' Movie
4
The Countries of the World
5
Find the US States
6
5x2 Blitz: Bands
7
Find the Countries of Europe - No Outlines Minefield
8
US States
More Religion Quizzes
Jewish Objects and Symbols
Published
Trending Quizzes
Colored Red Europe Blitz I
Colored Red Europe Blitz II
Colored Red Africa Blitz II
Colored Red Europe Blitz III
Colored Red Africa Blitz III
Recently Updated
Odd Team Out - Big 4 Players
pecheneg
Quick Pick: 20 Twenties
pecheneg
March Madness Men's Triple Doubles
pecheneg
How Do You Spell That?
pecheneg
Godzilla Movies
pecheneg
Grab Bag: 4-10 Letters
pecheneg
2024 March Madness Bracket
pecheneg
Famous TV Couples
Peacemaker
Champions League XIs: Real Madrid
pecheneg
Largest US Cities 1790-2010
pecheneg
Trending Topics
Marvel
Harry Potter
Crossword
Anime
NBA
Kpop
Disney
The Office
Puzzle
NFL
WWE
Soccer
Song
Pokémon
Country
Your Account Isn't Verified!
In order to create a playlist on Sporcle, you need to verify the email address you used during registration. Go to your
Sporcle Settings
to finish the process.
Report this User
Report this user for behavior that violates our
Community Guidelines
.
Details:
Send Report
Go to the Sporcle.com Mobile Site →
Comments